000 01031nam a2200253Ia 4500
003 OSt
005 20220923223919.0
006 a|||||r|||| 00| 0
007 ta
008 220922b |||||||| |||| 00| 0 hin d
024 _a223,281
037 _cTextual
040 _aARTS
_cARTS
_bhin
041 _2hin
_ahin
082 _aO152,1N12:g, N1
100 _aशर्मा, रामविलास; श्रोत्रिय, प्रभाकर, संपा.
_9167669
245 0 _aरामविलास शर्मा
_b व्यक्ति और कवि
246 _aRāmavilās sharmā: vyakti aur kavi
260 _aनयी दिल्ली
_b नेशनल पब्लिशिंग हाउस
_c1991
300 _a160पृ.
_ccm.
650 _aहिन्दी साहित्य
_9156264
942 _hO152,1N12:g, N1
_cTEXL
_2CC
999 _c368198
_d368198